[Event "Rottach Egern Seniors Cup 12th"]
[Site "Rottach Egern"]
[Date "2024.04.06"]
[Round "1"]
[White "Larem, Ewald"]
[Black "Warnk, Torsten"]
[Result "1/2-1/2"]
[WhiteElo "2016"]
[BlackElo "1822"]
[PlyCount "105"]
[EventDate "2024.04.06"]
[EventType "swiss"]
[EventRounds "9"]
[EventCountry "GER"]
[SourceTitle "CB16_2024"]
[SourceDate "2024.04.17"]
[SourceVersion "1"]
[SourceVersionDate "2024.04.17"]
[SourceQuality "1"]

1. d4 d5 2. c4 c6 3. Nc3 Nf6 4. Nf3 Bg4 5. Ne5 Bh5 6. cxd5 Nxd5 7. Qb3 Qb6 8. Nxd5 Qxb3 9. Nc7+ Kd8 10. axb3 Kxc7 11. Bf4 Kd8 12. g4 Bg6 13. h4 f6 14. Nxg6 hxg6 15. Bxb8 Rxb8 16. Rxa7 e6 17. e3 Be7 18. Be2 f5 19. h5 Kc7 20. Rg1 gxh5 21. gxh5 Bf6 22. Kd2 Rbd8 23. Kc2 Kb6 24. Ra4 Rd7 25. Rga1 g6 26. hxg6 Rh2 27. Rf1 Rg7 28. Bc4 Rxg6 29. Bxe6 Rgg2 30. Kd3 Rxf2 31. Rxf2 Rxf2 32. Ra8 Be7 33. Ra4 Bg5 34. Rb4+ Kc7 35. Rc4 Rf3 36. d5 Rxe3+ 37. Kc2 f4 38. Bg4 f3 39. dxc6 bxc6 40. Rc5 f2 41. Rf5 Rg3 42. Be2 Be3 43. Bc4 Rg6 44. Kd3 Bb6 45. Ke2 Rg7 46. Rf7+ Rxf7 47. Bxf7 Kd6 48. Kf1 Bd4 49. Bc4 Ke5 50. Bg8 Ke4 51. Bc4 Ke3 52. Bg8 Bxb2 53. Bc4 1/2-1/2

[Event "Hoogeveen op 25th"]
[Site "Hoogeveen"]
[Date "2022.10.18"]
[Round "4"]
[White "Warnk, Torsten"]
[Black "Van der Hagen, Loek"]
[Result "0-1"]
[WhiteElo "1709"]
[BlackElo "2079"]
[PlyCount "66"]
[EventDate "2022.10.15"]
[EventType "swiss"]
[EventRounds "9"]
[EventCountry "NED"]
[SourceTitle "CBM 210 Extra"]
[Source "ChessBase"]
[SourceDate "2022.11.30"]
[SourceVersion "1"]
[SourceVersionDate "2022.11.30"]
[SourceQuality "1"]

1. d4 Nf6 2. Nf3 g6 3. c4 Bg7 4. Bf4 c5 5. e3 Qb6 6. Qb3 Qxb3 7. axb3 Nc6 8. d5 Nb4 9. Na3 d6 10. e4 Nxe4 11. Bc1 0-0 12. Nd2 Bf5 13. f3 Nxd2 14. Kxd2 h5 15. Be2 a6 16. Re1 e6 17. g4 hxg4 18. fxg4 Be4 19. dxe6 fxe6 20. g5 Rf2 21. h3 Raf8 22. Kd1 R8f3 23. Bd2 Bxb2 24. Bxb4 cxb4 25. Nb5 Bxa1 26. Nxd6 Re3 27. Nxe4 Rxe4 28. Bg4 Rxe1+ 29. Kxe1 Rb2 30. Bxe6+ Kg7 31. c5 Rc2 32. Bd5 Rxc5 33. Bxb7 a5 0-1

[Event "EU-ch Seniors 50 21st"]
[Site "Lublin"]
[Date "2022.07.13"]
[Round "9"]
[White "Padrak, Rafal"]
[Black "Warnk, Torsten"]
[Result "1/2-1/2"]
[WhiteElo "2125"]
[BlackElo "1763"]
[PlyCount "31"]
[EventDate "2022.07.05"]
[EventType "swiss"]
[EventRounds "9"]
[EventCountry "POL"]
[SourceTitle "CBM 209 Extra"]
[Source "ChessBase"]
[SourceDate "2022.09.30"]
[SourceVersion "1"]
[SourceVersionDate "2022.09.30"]
[SourceQuality "1"]

1. d4 d5 2. c4 e6 3. Nc3 Nf6 4. Nf3 Be7 5. cxd5 exd5 6. Bg5 0-0 7. e3 c6 8. Bd3 h6 9. Bh4 Re8 10. 0-0 Ne4 11. Bxe7 Qxe7 12. Ne5 Nd7 13. Nxd7 Qxd7 14. Bxe4 dxe4 15. Qc2 Qf5 16. Rad1 1/2-1/2

[Event "EU-ch Seniors 50 21st"]
[Site "Lublin"]
[Date "2022.07.11"]
[Round "7"]
[White "Warnk, Torsten"]
[Black "Chlewinski, Artur"]
[Result "1-0"]
[WhiteElo "1763"]
[BlackElo "1417"]
[PlyCount "57"]
[EventDate "2022.07.05"]
[EventType "swiss"]
[EventRounds "9"]
[EventCountry "POL"]
[SourceTitle "CBM 209 Extra"]
[Source "ChessBase"]
[SourceDate "2022.09.30"]
[SourceVersion "1"]
[SourceVersionDate "2022.09.30"]
[SourceQuality "1"]

1. d4 Nf6 2. Nf3 g6 3. Bf4 Bg7 4. c4 d6 5. Nc3 0-0 6. e3 b6 7. Be2 Bb7 8. 0-0 Nbd7 9. Rc1 c5 10. d5 Ng4 11. Nd2 Nge5 12. Bg3 f5 13. f4 Nf7 14. Qc2 a6 15. e4 Nh6 16. Rce1 Bc8 17. Bd3 Bd4+ 18. Kh1 Nf6 19. Ne2 Nh5 20. Nxd4 Nxg3+ 21. hxg3 cxd4 22. Nf3 Ng4 23. Nxd4 Rf6 24. Be2 Ne3 25. Qd3 Nxf1 26. Bxf1 e5 27. dxe6 Bxe6 28. Nxe6 Rxe6 29. Qd5 1-0

[Event "EU-ch Seniors 50 21st"]
[Site "Lublin"]
[Date "2022.07.08"]
[Round "4"]
[White "Warnk, Torsten"]
[Black "Leszner, Liliana"]
[Result "0-1"]
[WhiteElo "1763"]
[BlackElo "1872"]
[PlyCount "82"]
[EventDate "2022.07.05"]
[EventType "swiss"]
[EventRounds "9"]
[EventCountry "POL"]
[SourceTitle "CBM 209 Extra"]
[Source "ChessBase"]
[SourceDate "2022.09.30"]
[SourceVersion "1"]
[SourceVersionDate "2022.09.30"]
[SourceQuality "1"]

1. d4 Nf6 2. Nf3 g6 3. c4 Bg7 4. Bf4 0-0 5. e3 c5 6. Nc3 cxd4 7. Nxd4 d6 8. Bg5 Qa5 9. Bxf6 Bxf6 10. Rc1 Nc6 11. Nb3 Qd8 12. Bd3 Ne5 13. Be2 Bd7 14. 0-0 Rc8 15. Nd5 Bg7 16. Nd4 Nc6 17. Nxc6 bxc6 18. Nc3 Qa5 19. Qc2 Rb8 20. Rb1 Rb7 21. Bf3 Rfb8 22. Na4 Bf5 23. e4 Bd7 24. c5 Rb4 25. b3 d5 26. exd5 Bf5 27. Qe2 Bxb1 28. Rxb1 Qxa4 29. dxc6 Qa5 30. Qxe7 Bf8 31. Qd7 Rd8 32. c7 Rxd7 33. c8Q Rc7 34. Qe8 Qxc5 35. Rd1 Rd4 36. Re1 Re7 37. Rxe7 Qxe7 38. Qb5 Rd2 39. g3 Qe1+ 40. Qf1 Qxf1+ 41. Kxf1 Rxa2 0-1

[Event "Hersonissos op 2nd"]
[Site "Hersonissos"]
[Date "2018.06.21"]
[Round "6"]
[White "Warnk, Torsten"]
[Black "Mateev, Kaloyan Mateev"]
[Result "0-1"]
[WhiteElo "1853"]
[BlackElo "1539"]
[PlyCount "154"]
[EventDate "2018.06.17"]
[EventType "swiss"]
[EventRounds "9"]
[EventCountry "GRE"]
[SourceTitle "CBM 185 Extra"]
[Source "ChessBase"]
[SourceDate "2018.07.29"]
[SourceVersion "1"]
[SourceVersionDate "2018.07.29"]
[SourceQuality "1"]

1. d4 d6 2. Nf3 Nf6 3. c4 Bf5 4. Nc3 Nbd7 5. Bg5 c5 6. d5 h6 7. Bh4 g5 8. Bg3 Bg7 9. e3 Ne4 10. Nxe4 Bxe4 11. Nd2 Bg6 12. e4 Bxb2 13. Rb1 Bc3 14. Bd3 Qa5 15. Qc2 Rb8 16. Ke2 Bxd2 17. Qxd2 Qxd2+ 18. Kxd2 0-0 19. h4 Kg7 20. f4 gxf4 21. Bxf4 f5 22. exf5 Bxf5 23. Rhe1 Ne5 24. Bxe5+ dxe5 25. Rxe5 e6 26. dxe6 Bxd3 27. Kxd3 Kf6 28. Re2 Ke7 29. Rbe1 Rbd8+ 30. Kc3 Rd4 31. g3 Rg8 32. Re3 Rgg4 33. Rf1 Rxc4+ 34. Kb2 Rg7 35. Rd1 Rd4 36. Rf1 Rd6 37. Rf5 b6 38. Ra3 Kxe6 39. Rh5 Rd2+ 40. Kc1 Rg2 41. Rxh6+ Kf5 42. Rd6 R2xg3 43. Ra4 R3g4 44. Rd5+ Ke6 45. Rxg4 Rxg4 46. Rh5 Kf6 47. Kc2 Rg7 48. Kc3 Kg6 49. Rd5 Rh7 50. Kb3 Rxh4 51. Rd7 Rh7 52. Rd2 Kf5 53. a3 Re7 54. Kc4 a6 55. Rd6 Re6 56. Rd7 Re4+ 57. Kb3 b5 58. Rd5+ Re5 59. Rd6 a5 60. Rh6 a4+ 61. Kb2 Ke4 62. Kc3 Rf5 63. Rb6 Rf3+ 64. Kc2 Rb3 65. Rb8 Kd4 66. Rh8 Rxa3 67. Rh4+ Kd5 68. Rh5+ Kc6 69. Rh6+ Kb7 70. Rh5 Kb6 71. Rh6+ Ka5 72. Rh5 c4 73. Rg5 Rb3 74. Rh5 a3 75. Rg5 a2 76. Rg8 Kb4 77. Ra8 Ra3 0-1

[Event "Regensburg Donau Cup"]
[Site "Regensburg"]
[Date "2017.05.27"]
[Round "5"]
[White "Warnk, Torsten"]
[Black "Vlaar, Shannon"]
[Result "0-1"]
[WhiteElo "1909"]
[BlackElo "1835"]
[PlyCount "40"]
[EventDate "2017.05.24"]
[EventType "swiss"]
[EventRounds "7"]
[EventCountry "GER"]
[SourceTitle "CBM 178 Extra"]
[Source "ChessBase"]
[SourceDate "2017.06.22"]
[SourceVersion "1"]
[SourceVersionDate "2017.06.22"]
[SourceQuality "1"]

1. d4 Nf6 2. Nf3 e6 3. c4 c5 4. e3 cxd4 5. exd4 d5 6. c5 b6 7. b4 a5 8. Bb5+ Bd7 9. Qa4 axb4 10. Qxa8 Bxb5 11. Bf4 Nbd7 12. Qxd8+ Kxd8 13. cxb6 Nxb6 14. Nbd2 Nc4 15. Rc1 Nb2 16. Bc7+ Ke8 17. Ne5 Nd7 18. Ndf3 Nxe5 19. Nxe5 b3 20. axb3 Bb4+ 0-1

[Event "Regensburg Donau Cup"]
[Site "Regensburg"]
[Date "2017.05.26"]
[Round "2"]
[White "Hendriks, Willy"]
[Black "Warnk, Torsten"]
[Result "1-0"]
[WhiteElo "2385"]
[BlackElo "1909"]
[PlyCount "95"]
[EventDate "2017.05.24"]
[EventType "swiss"]
[EventRounds "7"]
[EventCountry "GER"]
[SourceTitle "CBM 178 Extra"]
[Source "ChessBase"]
[SourceDate "2017.06.22"]
[SourceVersion "1"]
[SourceVersionDate "2017.06.22"]
[SourceQuality "1"]

1. g3 g6 2. Bg2 Bg7 3. e4 e5 4. d3 d6 5. Nh3 Ne7 6. 0-0 0-0 7. f4 f5 8. Nc3 Nbc6 9. Be3 Be6 10. Ng5 Bd7 11. Qd2 h6 12. Nf3 Kh7 13. Rae1 fxe4 14. dxe4 Qc8 15. fxe5 Nxe5 16. Nxe5 dxe5 17. Bc5 Rxf1+ 18. Rxf1 Ng8 19. Nd5 b6 20. Bb4 c6 21. Ne3 Be6 22. Qd6 c5 23. Bc3 Qd7 24. Qxd7 Bxd7 25. Rf7 Be6 26. Rb7 Kh8 27. a4 Bf6 28. Bf1 Bc8 29. Rc7 Be6 30. Bc4 Bxc4 31. Nxc4 Re8 32. Rxa7 Ne7 33. Nxb6 Nc6 34. Rc7 Re6 35. Nd5 Bg5 36. Kf2 Kg8 37. Ke2 Bd8 38. Rd7 Kf8 39. Kd3 Ke8 40. Rh7 h5 41. Kc4 Nd4 42. Bxd4 cxd4 43. b4 Rc6+ 44. Kd3 Bg5 45. a5 Kd8 46. b5 Rc5 47. a6 Rxb5 48. a7 1-0

[Event "Hessen-ch op-B"]
[Site "Frankfurt Sossenheim"]
[Date "2015.??.??"]
[Round "7"]
[White "Henninger, Sascha"]
[Black "Warnk, Torsten"]
[Result "0-1"]
[WhiteElo "1777"]
[BlackElo "1845"]
[PlyCount "142"]
[EventDate "2015.05.13"]
[EventType "swiss"]
[EventRounds "7"]
[EventCountry "GER"]
[SourceTitle "EXT 2016"]
[Source "ChessBase"]
[SourceDate "2015.10.08"]
[SourceVersion "1"]
[SourceVersionDate "2015.10.08"]
[SourceQuality "1"]

1. e4 e6 2. d4 d5 3. e5 c5 4. dxc5 Bxc5 5. Bd3 Qb6 6. Qe2 Nc6 7. Nf3 Nge7 8. 0-0 Ng6 9. Nc3 Nd4 10. Nxd4 Bxd4 11. Bxg6 hxg6 12. Bf4 Bd7 13. a4 Qxb2 14. Nb5 Bxb5 15. axb5 Rc8 16. Rfc1 Qb4 17. Bd2 Qc4 18. Qxc4 Rxc4 19. c3 Bb6 20. Be3 Kd7 21. Bxb6 axb6 22. g3 Rhc8 23. Ra7 Kc7 24. Kf1 d4 25. Ra3 Kd7 26. Ke2 R8c5 27. Kd3 Rxc3+ 28. Raxc3 dxc3 29. Rxc3 Rxb5 30. Kd4 Rb2 31. Rf3 Ke7 32. Rc3 Ke8 33. Ke3 Rb5 34. Ke4 Rc5 35. Rd3 Ke7 36. Rb3 Rc6 37. Ra3 f6 38. f4 f5+ 39. Kd4 Rc7 40. Rb3 Rc6 41. Ra3 Kd7 42. Ra8 Rc7 43. Rg8 Kc6 44. Re8 Rd7+ 45. Kc4 b5+ 46. Kb4 Kd5 47. Kxb5 g5 48. h4 gxf4 49. gxf4 g6 50. Rg8 Rh7 51. Ra8 Ke4 52. Re8 Rxh4 53. Rxe6 Rxf4 54. Kc5 Rf1 55. Re8 Rd1 56. e6 Ke5 57. e7 Ke6 58. Rg8 Kxe7 59. Rxg6 Kf7 60. Rb6 Rd7 61. Rb3 Kf6 62. Rh3 f4 63. Rh8 Kf5 64. Rf8+ Ke4 65. Re8+ Kf3 66. Rf8 Ke3 67. Re8+ Kf2 68. Kc4 f3 69. Rc8 Kf1 70. Rf8 f2 71. Rf6 Re7 0-1

[Event "Hessen-ch op-B"]
[Site "Frankfurt Sossenheim"]
[Date "2015.??.??"]
[Round "4"]
[White "Warnk, Torsten"]
[Black "Martens, Nick"]
[Result "1-0"]
[WhiteElo "1845"]
[BlackElo "1697"]
[PlyCount "95"]
[EventDate "2015.05.13"]
[EventType "swiss"]
[EventRounds "7"]
[EventCountry "GER"]
[SourceTitle "EXT 2016"]
[Source "ChessBase"]
[SourceDate "2015.10.08"]
[SourceVersion "1"]
[SourceVersionDate "2015.10.08"]
[SourceQuality "1"]

1. d4 d6 2. Nf3 g6 3. e3 Bg7 4. c4 Nd7 5. Nc3 e5 6. d5 Ne7 7. e4 0-0 8. Be2 f5 9. Ng5 Nf6 10. exf5 Bxf5 11. 0-0 h6 12. Nf3 b6 13. Nh4 Bd7 14. Bd3 g5 15. Ng6 Nxg6 16. Bxg6 Be8 17. Qc2 Bxg6 18. Qxg6 Nh7 19. Ne4 Nf6 20. Ng3 Qe8 21. Qxe8 Rfxe8 22. Nf5 Kh7 23. Be3 Bf8 24. b4 a5 25. a3 Kg6 26. Ng3 Ng4 27. Bd2 axb4 28. axb4 Bg7 29. Ne4 Nf6 30. f3 Kf5 31. Nc3 Rec8 32. Nb5 Rxa1 33. Rxa1 e4 34. Ra7 Ne8 35. Be3 exf3 36. gxf3 Be5 37. Kg2 h5 38. h3 g4 39. Ra2 gxf3+ 40. Kxf3 c6 41. Na7 Rb8 42. Nxc6 Rb7 43. Ra7 Rxa7 44. Nxa7 Bc3 45. Nc6 b5 46. cxb5 Nc7 47. b6 Na6 48. b5 1-0

[Event "Prague op-A 12th"]
[Site "Prague"]
[Date "2013.01.11"]
[Round "3"]
[White "Warnk, Torsten"]
[Black "Svobodova, Michaela"]
[Result "0-1"]
[WhiteElo "1880"]
[BlackElo "2033"]
[PlyCount "58"]
[EventDate "2013.01.09"]
[EventType "swiss"]
[EventRounds "9"]
[EventCountry "CZE"]
[SourceTitle "CBM 152 Extra"]
[Source "ChessBase"]
[SourceDate "2013.02.25"]
[SourceVersion "1"]
[SourceVersionDate "2013.02.25"]
[SourceQuality "1"]

1. d4 d5 2. Nf3 Nf6 3. Bf4 c5 4. e3 Nc6 5. c4 cxd4 6. Nxd4 Nxd4 7. Qxd4 e6 8. Nc3 Bb4 9. Bg5 dxc4 10. Qxc4 Qa5 11. Bxf6 gxf6 12. Rc1 Bd7 13. a3 Be7 14. Be2 Bc6 15. Bf3 Bxf3 16. gxf3 Rd8 17. Ke2 Rg8 18. Rhg1 Rg6 19. Rgd1 Rxd1 20. Rxd1 Qa6 21. Nb5 Kf8 22. a4 Rg5 23. Qc8+ Kg7 24. Qe8 Qxa4 25. Qxe7 Qxb5+ 26. Rd3 Qxb2+ 27. Rd2 Qb5+ 28. Rd3 Rd5 29. Qa3 Qxd3+ 0-1

[Event "Karl Mala Memorial op 14th"]
[Site "Frankfurt"]
[Date "2011.07.09"]
[Round "5"]
[White "Henrich, David"]
[Black "Warnk, Torsten"]
[Result "1-0"]
[WhiteElo "1695"]
[BlackElo "1941"]
[PlyCount "71"]
[EventDate "2011.07.07"]
[EventType "swiss"]
[EventRounds "7"]
[EventCountry "GER"]
[SourceTitle "EXT 2012"]
[Source "ChessBase"]
[SourceDate "2011.11.24"]
[SourceVersion "1"]
[SourceVersionDate "2011.11.24"]
[SourceQuality "1"]

1. c4 c5 2. Nf3 Nf6 3. Nc3 Nc6 4. g3 g6 5. Bg2 Bg7 6. 0-0 0-0 7. d4 cxd4 8. Nxd4 a6 9. Nc2 d6 10. Ne3 Bd7 11. Ned5 Rc8 12. Be3 Rb8 13. Bb6 Qc8 14. b4 e6 15. Nxf6+ Bxf6 16. Ne4 Be7 17. Nxd6 Bxd6 18. Qxd6 Nd8 19. Bc5 Nc6 20. Qxf8+ Qxf8 21. Bxf8 Kxf8 22. Rfd1 Ke7 23. Bxc6 Bxc6 24. a4 Rc8 25. f3 Be8 26. Rdc1 h6 27. Kf2 f6 28. b5 Rc5 29. bxa6 bxa6 30. Rab1 Bxa4 31. Ra1 Bb3 32. Rxa6 Rxc4 33. Ra7+ Kf8 34. Rb1 Ba4 35. Rb8+ Be8 36. Raa8 1-0

[Event "Vlissingen HZ op 14th"]
[Site "Vlissingen"]
[Date "2010.08.12"]
[Round "7"]
[White "In't Veld, Daan"]
[Black "Warnk, Torsten"]
[Result "1-0"]
[WhiteElo "2205"]
[BlackElo "1939"]
[PlyCount "73"]
[EventDate "2010.08.07"]
[EventType "swiss"]
[EventRounds "9"]
[EventCountry "NED"]
[SourceTitle "CBM 137 Extra"]
[Source "ChessBase"]
[SourceDate "2010.09.01"]
[SourceVersion "1"]
[SourceVersionDate "2010.09.01"]
[SourceQuality "1"]

1. a3 g6 2. e4 Bg7 3. Nf3 b6 4. d4 Bb7 5. Bd3 d6 6. 0-0 Nd7 7. Qe2 e6 8. Nbd2 Ne7 9. b4 0-0 10. c3 c5 11. Nc4 d5 12. Nd6 dxe4 13. Nxe4 cxd4 14. cxd4 Nf6 15. Nxf6+ Bxf6 16. Bh6 Bg7 17. Bg5 Bxf3 18. Qxf3 Bxd4 19. Rad1 e5 20. Bh6 Qd6 21. Bxf8 Rxf8 22. Kh1 a5 23. bxa5 bxa5 24. Bc4 Qc5 25. Rc1 Qd6 26. Rb1 Kg7 27. Rb5 Qc7 28. Qb3 f5 29. Rb7 Qc5 30. Rb5 Qc7 31. Rb7 Qc5 32. Qa4 Ra8 33. Qd7 Ra7 34. Rfb1 Rxb7 35. Rxb7 Qxc4 36. Qxe7+ Kh6 37. Qh4# 1-0

[Event "Vlissingen HZ op 14th"]
[Site "Vlissingen"]
[Date "2010.08.11"]
[Round "6"]
[White "Warnk, Torsten"]
[Black "Stange, Wim"]
[Result "1/2-1/2"]
[WhiteElo "1939"]
[BlackElo "2072"]
[PlyCount "132"]
[EventDate "2010.08.07"]
[EventType "swiss"]
[EventRounds "9"]
[EventCountry "NED"]
[SourceTitle "CBM 137 Extra"]
[Source "ChessBase"]
[SourceDate "2010.09.01"]
[SourceVersion "1"]
[SourceVersionDate "2010.09.01"]
[SourceQuality "1"]

1. d4 Nf6 2. Nf3 g6 3. c4 Bg7 4. Nc3 0-0 5. Bf4 d6 6. e3 Nh5 7. Bg5 h6 8. Bh4 c6 9. Be2 Qc7 10. 0-0 f5 11. Nd2 Nf6 12. Bg3 a5 13. Qb3 Be6 14. Rac1 Nbd7 15. Qc2 Rfc8 16. c5 Bf8 17. b3 Qd8 18. cxd6 exd6 19. e4 Qe8 20. Bd3 fxe4 21. Ndxe4 Kh7 22. Bxd6 Nd5 23. Bxf8 Qxf8 24. Nc5 Nxc5 25. Bxg6+ Kg7 26. Nxd5 Bxd5 27. dxc5 Qf4 28. Qf5 Rf8 29. Qxf4 Rxf4 30. Bb1 a4 31. Rc3 axb3 32. axb3 Ra3 33. Bc2 Kf6 34. f3 h5 35. Re3 Ra5 36. Rc3 Ke5 37. Rd1 Rd4 38. Re3+ Kf4 39. Kf2 Rxd1 40. g3+ Kg5 41. h4+ Kf6 42. Bxd1 Rxc5 43. g4 hxg4 44. fxg4 Rc1 45. Bf3 Rc5 46. Bxd5 Rxd5 47. Kf3 Rb5 48. Kg3 Rc5 49. Rf3+ Kg6 50. Rd3 Rb5 51. Re3 Rb4 52. Rf3 Rb5 53. Kf2 Rb4 54. Rg3 c5 55. Ke2 c4 56. bxc4 Rxc4 57. Kf2 b5 58. Rg1 b4 59. Re1 b3 60. h5+ Kf6 61. Rd1 Rb4 62. h6 b2 63. g5+ Kxg5 64. h7 Rh4 65. Rg1+ Kf6 66. Rb1 Rxh7 1/2-1/2

[Event "Hessen-ch Gr-C 64th"]
[Site "Bad Vilbel"]
[Date "2010.04.01"]
[Round "3"]
[White "Warnk, Torsten"]
[Black "Baskin, Robert"]
[Result "0-1"]
[WhiteElo "1977"]
[BlackElo "1828"]
[PlyCount "64"]
[EventDate "2010.03.31"]
[EventType "swiss"]
[EventRounds "7"]
[EventCountry "GER"]
[SourceTitle "EXT 2011"]
[Source "ChessBase"]
[SourceDate "2010.11.26"]
[SourceVersion "1"]
[SourceVersionDate "2010.11.26"]
[SourceQuality "1"]

1. d4 d5 2. Nf3 Nf6 3. Bf4 e6 4. e3 Be7 5. c4 0-0 6. Nc3 a6 7. Qb3 dxc4 8. Bxc4 b5 9. Bd3 Bb7 10. Qc2 Nbd7 11. a3 c5 12. dxc5 Nxc5 13. Be2 Rc8 14. Rd1 Qb6 15. Qb1 Rfd8 16. 0-0 Nce4 17. Rxd8+ Rxd8 18. Be5 Nd2 19. Nxd2 Rxd2 20. Rd1 Rxd1+ 21. Qxd1 Qc5 22. Bd4 Qc7 23. h3 e5 24. Nxb5 axb5 25. Bc3 Bc6 26. Qb3 Qb8 27. a4 b4 28. Be1 Bd5 29. Qc2 b3 30. Qd1 Qa8 31. Bc3 Qxa4 32. Bxe5 Qe4 0-1

[Event "Hessen-ch Gr-C 64th"]
[Site "Bad Vilbel"]
[Date "2010.03.31"]
[Round "1"]
[White "Warnk, Torsten"]
[Black "Arnold, Michael"]
[Result "1/2-1/2"]
[WhiteElo "1977"]
[BlackElo "1846"]
[PlyCount "63"]
[EventDate "2010.03.31"]
[EventType "swiss"]
[EventRounds "7"]
[EventCountry "GER"]
[SourceTitle "EXT 2011"]
[Source "ChessBase"]
[SourceDate "2010.11.26"]
[SourceVersion "1"]
[SourceVersionDate "2010.11.26"]
[SourceQuality "1"]

1. d4 d5 2. Nf3 Nf6 3. Bf4 Bf5 4. e3 e6 5. Be2 Bd6 6. Bg5 Nbd7 7. 0-0 0-0 8. Nbd2 e5 9. dxe5 Nxe5 10. c4 Nxc4 11. Nxc4 dxc4 12. Bxc4 Qe7 13. Qb3 Be4 14. Be2 h6 15. Bh4 Rad8 16. Nd4 g5 17. Bg3 Bxg3 18. hxg3 Rd7 19. Bf3 c6 20. Rad1 Rfd8 21. Ne2 Bd5 22. Bxd5 Rxd5 23. Nc3 Rxd1 24. Rxd1 Rxd1+ 25. Qxd1 Qb4 26. Qc2 Kg7 27. a3 Qc4 28. b3 Qc5 29. Qb2 Qd6 30. Ne2 Kg8 31. Nd4 c5 32. Nf5 1/2-1/2

[Event "Hessen-ch Gr-C 62nd"]
[Site "Hanau"]
[Date "2008.03.20"]
[Round "2"]
[White "Warnk, Torsten"]
[Black "Foerster, Rudi"]
[Result "0-1"]
[WhiteElo "2063"]
[BlackElo "1914"]
[PlyCount "68"]
[EventDate "2008.03.19"]
[EventType "swiss"]
[EventRounds "7"]
[EventCountry "GER"]
[SourceTitle "CBM 123 Extra"]
[Source "ChessBase"]
[SourceDate "2008.05.06"]
[SourceVersion "1"]
[SourceVersionDate "2008.05.06"]
[SourceQuality "1"]

1. d4 d5 2. Nf3 Nc6 3. Bf4 Bg4 4. e3 e6 5. c4 Bd6 6. Bxd6 Qxd6 7. c5 Bxf3 8. Qxf3 Qd7 9. Bb5 Nge7 10. 0-0 0-0 11. Nc3 a6 12. Ba4 b5 13. cxb6 cxb6 14. Qe2 b5 15. Bc2 Rfc8 16. Rfc1 Qb7 17. a3 g6 18. h4 Nf5 19. h5 Qe7 20. Qg4 Kh8 21. hxg6 fxg6 22. Qh3 Kg7 23. Ne2 Na5 24. Bxf5 exf5 25. Nf4 Qe4 26. Qg3 Nb3 27. Nh5+ Kh8 28. Rxc8+ Rxc8 29. Nf6 Qe6 30. Qh4 Kg7 31. Qxh7+ Kxf6 32. Qh4+ Kg7 33. Rd1 Qd6 34. Rd3 Rc1+ 0-1

[Event "US Masters op"]
[Site "Hendersonville"]
[Date "2007.03.18"]
[Round "8"]
[White "Warnk, Torsten"]
[Black "Panjwani, Dilip"]
[Result "1-0"]
[WhiteElo "1996"]
[BlackElo "1729"]
[PlyCount "113"]
[EventDate "2007.03.10"]
[EventType "swiss"]
[EventRounds "9"]
[EventCountry "USA"]
[SourceTitle "EXT 2011"]
[Source "ChessBase"]
[SourceDate "2010.11.26"]
[SourceVersion "1"]
[SourceVersionDate "2010.11.26"]
[SourceQuality "1"]

1. d4 Nf6 2. Nf3 e6 3. c4 b6 4. Nc3 Bb7 5. Bf4 Bb4 6. e3 Ne4 7. Qb3 c5 8. a3 Bxc3+ 9. bxc3 0-0 10. Bd3 f5 11. h3 Qe8 12. Rg1 Kh8 13. d5 Na6 14. Nd2 e5 15. Bh2 Nxd2 16. Kxd2 d6 17. a4 Qd8 18. a5 Rc8 19. axb6 Qxb6 20. Qxb6 axb6 21. Rgb1 Rb8 22. Rb2 Rf7 23. Bc2 Nc7 24. Ra7 Ba6 25. Bd3 Kg8 26. Be2 Kf8 27. Rb1 g6 28. f3 g5 29. f4 gxf4 30. exf4 e4 31. Rg1 Bc8 32. g4 Ne8 33. Rga1 Nf6 34. g5 Nd7 35. Ra8 Kg7 36. Bh5 Re7 37. Rxb8 Nxb8 38. Ra8 Rb7 39. Be8 h6 40. h4 Kh7 41. h5 Bd7 42. Bxd7 Nxd7 43. Re8 Kg7 44. Re7+ Kf8 45. Re6 Ra7 46. Bg3 hxg5 47. fxg5 Ne5 48. Bxe5 dxe5 49. Rxe5 Rf7 50. h6 Kg8 51. Re6 f4 52. Rxe4 f3 53. Ke1 Kh7 54. Re6 Rf5 55. Re7+ Kg6 56. Rg7+ Kh5 57. h7 1-0

[Event "Hessen-chA"]
[Site "Marburg"]
[Date "2006.04.13"]
[Round "7.11"]
[White "Warnk, Torsten"]
[Black "Hoppe, Michael"]
[Result "1/2-1/2"]
[WhiteElo "2079"]
[BlackElo "1973"]
[PlyCount "102"]
[EventDate "2006.04.08"]
[EventType "swiss"]
[EventRounds "9"]
[EventCountry "GER"]
[SourceTitle "EXT 2007"]
[Source "ChessBase"]
[SourceDate "2006.11.23"]
[SourceVersion "1"]
[SourceVersionDate "2006.11.23"]
[SourceQuality "1"]

1. d4 d5 2. Nf3 Nf6 3. Bf4 g6 4. e3 Bg7 5. c4 c6 6. Nc3 0-0 7. c5 b6 8. b4 a5 9. a3 b5 10. Bd3 Bg4 11. Be2 Nh5 12. Bg5 Nd7 13. h3 Be6 14. Nd2 Nhf6 15. Nb3 a4 16. Nd2 h6 17. Bh4 Nh7 18. Rc1 f5 19. f4 g5 20. Bg3 Nhf6 21. Nf3 gxf4 22. exf4 Ne4 23. Bh2 Nxc3 24. Rxc3 Rc8 25. Nh4 Nf6 26. Rg1 Ne4 27. Re3 Bd7 28. Ng6 Rf6 29. Ne5 Kh7 30. Bd3 Rf8 31. g4 Bxe5 32. dxe5 e6 33. Bxe4 dxe4 34. Reg3 Be8 35. Qxd8 Rxd8 36. gxf5 exf5 37. Rg7+ Kh8 38. Rc7 Rf7 39. Rxf7 Bxf7 40. Bg3 Bb3 41. Ke2 Bc4+ 42. Kf2 Rd2+ 43. Ke1 Ra2 44. Bh4 Ra1+ 45. Kf2 Rxg1 46. Kxg1 Kg7 47. Be1 Kf7 48. Kf2 Ke6 49. Ke3 Bf1 50. h4 h5 51. Kd4 Bc4 1/2-1/2